The underdeveloped areas within the common market

Saved in:
Bibliographic Details
Main Author: Barzanti, Sergio
Format: Book
Language:English
Published: Princeton : Princeton University Press, 1965
Subjects:
Tags: Add Tag
No Tags, Be the first to tag this record!

MARC

LEADER 00000nam a2200000 i 4500
001 1/28149
008 950913s1965 eng d
035 |l 10022986 
040 |a GR-MY-UA  |b gre  |e aacr 
041 0 |a eng 
082 0 |a 338.94 
100 1 |a Barzanti, Sergio. 
245 1 4 |a The underdeveloped areas within the common market 
260 |a Princeton :   |b Princeton University Press,   |c 1965 
300 |a 437 p. 
651 0 |a Europe  |x Economic policy. 
651 0 |a European Economic Community countries. 
852 |a INST  |b CHIOS  |e 19950913  |h 338.94 BAR  |p 005200001105  |q 005200001105  |t BK  |y 0 
909 |a Χ  |b 001468